00567nam a22001937a 450000500170000001000110001702000210002803500110004903700160006004000120007608200130008810000220010124501160012326000400023927000350027930000200031465000220033465000170035620170124110111.0 a624107 c00.00a413263304 a624107 bCen Lib/Ret aDPLbEN a921bWIL aWilliams, John A. aThe king god did not save :cby John A. Williams brefections on the life and death of martin luther kin, jr. / bEyre & Spottiswoode c1970aLondon  bLondon a11, new fetter lane  a221p.c19cm(Hb) aAmerican history  aBiographies